Agenda 21 : [a thriller] /

After the worldwide implementation of a UN-lead program called Agenda 21, America is known simply as the 'Republic.' There is no president, congress, Supreme Court, or freedom--only authorities. This bleak existence is all 18-year-old Emmeline has ever known. Like most citizens, her only g...

Full description

Bibliographic Details
Main Author: Beck, Glenn
Corporate Author: Simon & Schuster Audio (Firm)
Other Authors: LaVoy, January, Grupper, Adam, Parke, Harriet
Format: CD Audio Book
Language:English
Published: [New York, N.Y.] : Simon & Schuster Audio, [2012]
Edition:Unabridged.
Subjects:

MARC

Tag First Indicator Second Indicator Subfields
LEADER 00000cim a2200000Ia 4500
001 in00002785467
005 20150922145616.0
007 sd fungnnmmneu
008 120914s2012 nyunnnn f n eng d
020 |a 9781442360921 
020 |a 1442360925 
024 3 |a 9781442360921 
035 |a (OCoLC)ocn810117695 
040 |a BTCTA  |b eng  |c BTCTA  |d BDX  |d TEF  |d TEFMT  |d IH7  |d UtOrBLW 
049 |a TXAM 
050 4 |a PS3602.E2685  |b A34 2012b 
082 0 4 |a 813/.6  |2 23 
100 1 |a Beck, Glenn. 
245 1 0 |a Agenda 21 :  |b [a thriller] /  |c Glenn Beck with Harriet Parke. 
246 3 |a Agenda twenty-one 
250 |a Unabridged. 
264 1 |a [New York, N.Y.] :  |b Simon & Schuster Audio,  |c [2012] 
264 4 |c ℗2012 
300 |a 7 sound discs (approximately 9 hr.) :  |b digital ;  |c 4 3/4 in. 
336 |a spoken word  |b spw  |2 rdacontent 
337 |a audio  |b s  |2 rdamedia 
338 |a audio disc  |b sd  |2 rdacarrier 
500 |a Subtitle from container. 
511 0 |a Read by January LaVoy and Adam Grupper. 
500 |a Compact discs. 
520 |a After the worldwide implementation of a UN-lead program called Agenda 21, America is known simply as the 'Republic.' There is no president, congress, Supreme Court, or freedom--only authorities. This bleak existence is all 18-year-old Emmeline has ever known. Like most citizens, her only goals are to create energy and new human life, until the day they came for her mother. Soon, Emmeline begins to search for the truth, and realizes she is up against more than she ever thought. 
500 |a Sound recording. 
650 0 |a Dystopias  |v Fiction. 
655 7 |a Science fiction.  |2 gsafd 
655 7 |a Suspense fiction.  |2 gsafd 
655 7 |a Audiobooks.  |2 lcgft 
700 1 |a LaVoy, January. 
700 1 |a Grupper, Adam. 
700 1 |a Parke, Harriet. 
710 2 |a Simon & Schuster Audio (Firm) 
948 |a cataloged  |b h  |c 2013/1/25  |d c  |e ceaton  |f 10:43:00 am 
994 |a C0  |b TXA 
999 |a MARS 
999 f f |s 048776cd-3540-317f-acc3-647e2d31f16f  |i bcf4bf38-9322-3a23-871a-fc80eccf18e7  |t 0 
952 f f |p ric  |a Texas A&M University  |b Rellis Campus  |c Joint Library Facility  |d Remote Storage  |t 0  |e PS3602.E2685 A34 2012b  |h Library of Congress classification  |i audio -- audio disc  |m A14841687826 
998 f f |a PS3602.E2685 A34 2012b  |t 0  |l Remote Storage